| 000 | 00846nam a22002297a 4500 | ||
|---|---|---|---|
| 005 | 20210906103218.0 | ||
| 008 | 210903s2012 ck |||gr|||| 00| 0 spa d | ||
| 020 | _a9789588450919 | ||
| 040 |
_aCO-BoUCM _cDeissy Garcia _dDeissy Garcia |
||
| 041 | 0 | _aspa | |
| 100 |
_aVergara Molano, Alberto _9105357 |
||
| 245 |
_aDerecho disciplinario de la abogacía _bla ilicitud sustancial _cAlberto Vergara Molano |
||
| 260 |
_aBogotá _bNueva Jurídica _c2012 |
||
| 300 | _a402 páginas | ||
| 490 | 0 | _aDerecho disciplinario | |
| 504 | _aIncluye referencias bibliográficas | ||
| 650 | 7 |
_aDerecho disciplinario _zColombia _9105425 |
|
| 650 | 7 |
_aProceso disciplinario _zColombia _935080 |
|
| 650 | 7 |
_aAbogados _xResponsabilidad profesional _zColombia _9105426 |
|
| 942 |
_2DEWEY _a8 _cLIBRO _e1 _h342.068 _mV494d _n0 |
||
| 999 |
_c319290 _d319290 |
||